[Event "Ch Latvia"]
[Site "Riga (Latvia)"]
[Date "2021.09.20"]
[Round "5.17"]
[White "Mucenieks Marks (LAT)"]
[Black "Melderis Uldis (LAT)"]
[Result "0-1"]
[WhiteElo "1660"]
[BlackElo "1877"]
[Annotator ""]
[Source ""]
[Remark ""]

1.d4 Nf6 2.c4 c5 3.d5 b5 4.cxb5 a6 5.e3 d6 6.Nc3 g6 7.e4 Bg7
8.Nf3 O-O 9.a4 axb5 10.Bxb5 Bg4 11.h3 Bxf3 12.Qxf3 Na6 13.O-O
Nb4 14.Qe2 Nd7 15.Na2 Nxa2 16.Rxa2 e6 17.dxe6 fxe6 18.Bd2 Bd4
19.Bc3 e5 20.Kh1 Nf6 21.Qe1 Nh5 22.Bxd4 cxd4 23.b4 Nf4 24.Ra3
Qb6 25.Kh2 Rfc8 26.g3 Nh5 27.Qe2 Nf6 28.Rf3 Kg7 29.Ra3 Rab8 30.Rfa1
Rc7 31.R1a2 Qb7 32.Bd3 Qxb4 33.a5 Rc3 34.Rxc3 dxc3 35.a6 Nd7
36.a7 Ra8 37.Bb5 c2 38.Rxc2 Rxa7 39.Rb2 Qc5 40.Bxd7 Rxd7 41.Qb5
Rf7 42.Qxc5 dxc5 43.Rc2 Rc7 44.Kg2 Kf6 45.Kf3 Ke6 46.h4 Kd6 47.Ke3
c4 48.f4 exf4+ 49.gxf4 Kc5 50.e5 Kb4 51.Ke4 Kb3 52.Rc1 Kb2 53.Re1
c3 54.Kd5 c2 55.e6 c1Q 56.Rxc1 Rxc1 57.e7 Re1 58.Kd6 Kc3 59.Kd7
Kd4 60.e8Q Rxe8 61.Kxe8 Ke4 62.Kf7 Kxf4 63.Kg7 h5 0-1

[Event "Ch Latvia"]
[Site "Riga (Latvia)"]
[Date "2021.09.22"]
[Round "6.1"]
[White "Starostits Ilmars (LAT)"]
[Black "Berzinsh Roland (LAT)"]
[Result "1/2-1/2"]
[WhiteElo "2428"]
[BlackElo "2364"]
[Annotator ""]
[Source ""]
[Remark ""]

1.d4 d5 2.c4 dxc4 3.e4 e5 4.Nf3 exd4 5.Bxc4 Bb4+ 6.Nbd2 Nc6 7.Qb3
Qe7 8.Bd5 Nf6 9.O-O O-O 10.Nc4 Na5 11.Nxa5 Bxa5 12.Bg5 h6 13.Bxf6
Qxf6 14.e5 Qe7 15.Qa4 Bb6 16.Rfe1 Rd8 17.Be4 c6 18.Rad1 Qc5 19.Rd3
Be6 20.Red1 Qc4 21.Qxc4 Bxc4 22.R3d2 Bxa2 23.Nxd4 Bd5 24.Bc2
a5 25.Nf5 Kf8 26.h4 Re8 27.Re1 Bc5 28.Rde2 a4 29.Kh2 a3 30.bxa3
Rxa3 31.f4 Ra2 32.Be4 Rxe2 33.Rxe2 Bxe4 34.Rxe4 b5 35.Re2 Rd8
36.Rc2 Rd5 37.Ra2 f6 38.Ra8+ Kf7 39.Rc8 fxe5 40.Rc7+ Kf6 41.Nxg7
exf4 42.Ne8+ Ke5 43.Rxc6 Bd6 1/2-1/2

[Event "Ch Latvia"]
[Site "Riga (Latvia)"]
[Date "2021.09.22"]
[Round "6.2"]
[White "Stepins Edgars (LAT)"]
[Black "Ungurs Edgars (LAT)"]
[Result "0-1"]
[WhiteElo "2263"]
[BlackElo "2154"]
[Annotator ""]
[Source ""]
[Remark ""]

1.d4 d5 2.c4 dxc4 3.e4 e5 4.d5 Nf6 5.Nc3 b5 6.Nxb5 Nxe4 7.Qa4
c6 8.dxc6 Bc5 9.Qxc4 Qa5+ 10.b4 Bxb4+ 11.Ke2 O-O 12.Bb2 Nd6 13.Nxd6
Ba6 0-1

[Event "Ch Latvia"]
[Site "Riga (Latvia)"]
[Date "2021.09.22"]
[Round "6.3"]
[White "Saveljevs Aleksandrs (LAT)"]
[Black "Jankovskis Guntis (LAT)"]
[Result "0-1"]
[WhiteElo "1976"]
[BlackElo "2260"]
[Annotator ""]
[Source ""]
[Remark ""]

1.e4 c5 2.Nc3 e6 3.f4 d5 4.Nf3 dxe4 5.Nxe4 Nc6 6.Bb5 Bd7 7.Qe2
Nh6 8.b3 Nf5 9.Bb2 Be7 10.O-O Rc8 11.d3 O-O 12.Qf2 Ncd4 13.Bxd7
Nxf3+ 14.Qxf3 Qxd7 15.Kh1 Nd4 16.Qf2 h6 17.Rae1 f5 18.Ng3 Rfe8
19.Qd2 b6 20.Ne2 a5 21.a4 Bf6 22.Bc3 Re7 23.Ng1 e5 24.fxe5 Bxe5
25.Nf3 Nxf3 26.Rxf3 Bxc3 27.Qxc3 Rce8 28.Rff1 Re2 29.Rxe2 Rxe2
30.Re1 Qe6 31.Rxe2 Qxe2 32.Kg1 Qe3+ 33.Kf1 Qf4+ 34.Ke2 Qxh2 35.Qc4+
Kh7 36.Qd5 Qf4 37.Qe6 Qg4+ 38.Kf2 Qh4+ 39.Kf1 Qf4+ 40.Ke2 Qg4+
41.Kf2 Qg6 42.Qd5 Qf6 43.c3 Kg6 44.d4 cxd4 45.cxd4 Kg5 46.Qc4
Qd6 47.Ke2 Kf6 48.Kf3 h5 49.g3 Qe6 50.Qc3 Qd5+ 51.Kf2 g5 52.Qc4
Qd6 53.Qc3 f4 54.d5+ Kf5 55.Qd3+ Ke5 56.gxf4+ gxf4 57.Qe2+ Kxd5
58.Qxh5+ Qe5 59.Qf7+ Kc6 60.Qg6+ Kc5 61.Qc2+ Kb4 62.Qc4+ Ka3
63.Kf3 Qe3+ 64.Kg2 f3+ 65.Kf1 Qe2+ 0-1

[Event "Ch Latvia"]
[Site "Riga (Latvia)"]
[Date "2021.09.22"]
[Round "6.4"]
[White "Kretainis Kristaps (LAT)"]
[Black "Mierins Eriks (LAT)"]
[Result "1-0"]
[WhiteElo "2249"]
[BlackElo "2191"]
[Annotator ""]
[Source ""]
[Remark ""]

1.e4 e5 2.Bc4 Nf6 3.d3 c6 4.Nf3 d5 5.Bb3 Nbd7 6.O-O Be7 7.Nc3
dxe4 8.Nxe4 Nxe4 9.dxe4 O-O 10.Qe2 Qc7 11.c3 Nc5 12.Bc2 Bg4 13.h3
Bh5 14.Be3 b6 15.Bxc5 Bxc5 16.g4 Bg6 17.Nh4 Qe7 18.Nf5 Bxf5 19.exf5
Rad8 20.Rad1 Qh4 21.Kg2 a5 22.Be4 Qh6 23.a3 b5 24.Qf3 Rd2 25.Rxd2
Qxd2 26.b4 Bb6 27.Bxc6 Rc8 28.bxa5 Bxa5 29.Bxb5 Bxc3 30.a4 h6
31.Rd1 e4 32.Qe2 Qf4 33.Qe3 Qxe3 34.fxe3 Kf8 35.Rd6 Ke7 36.Rc6
Rxc6 37.Bxc6 Kd6 38.Bxe4 Ke5 39.Kf3 Ba5 40.Bc2 Bb6 41.Ke2 Kf6
42.Bb3 g6 43.fxg6 fxg6 44.Kd3 Ke5 45.Bf7 g5 46.e4 Bd8 47.Bd5
Kd6 48.Kc4 Bf6 49.Kb5 Bd4 50.a5 Be3 51.Ka6 Kc7 52.e5 Bd4 53.e6
Bc5 54.Kb5 Be3 55.a6 Kd6 56.Kc4 Ba7 57.Kd3 Ke7 58.Ke4 Kf6 59.Bc4
Bb8 60.Kd5 1-0

[Event "Ch Latvia"]
[Site "Riga (Latvia)"]
[Date "2021.09.22"]
[Round "6.5"]
[White "Jazdanovs Aleksandrs (LAT)"]
[Black "Tolmacevs Artjoms (LAT)"]
[Result "1-0"]
[WhiteElo "2178"]
[BlackElo "2090"]
[Annotator ""]
[Source ""]
[Remark ""]

1.e4 c5 2.Nc3 d6 3.d4 cxd4 4.Qxd4 Nc6 5.Qd2 Nf6 6.b3 g6 7.Bb2
Bg7 8.O-O-O O-O 9.f3 a5 10.a4 Bd7 11.Nge2 Rc8 12.Kb1 Nb4 13.Nd4
e5 14.Ndb5 d5 15.exd5 Bf5 16.Na3 e4 17.Bc4 exf3 18.gxf3 Nd7 19.Ne4
Bxb2 20.Kxb2 Ne5 21.Qc3 Nxc4+ 22.Nxc4 Bxe4 23.fxe4 Qd7 24.e5
b5 25.e6 Qb7 26.Nxa5 Qe7 27.Nc6 Nxc6 28.dxc6 bxa4 29.exf7+ Rxf7
30.Rd7 Qe6 31.Re1 a3+ 32.Ka2 Qxc6 33.Re8+ Rf8 34.Qg7# 1-0

[Event "Ch Latvia"]
[Site "Riga (Latvia)"]
[Date "2021.09.22"]
[Round "6.6"]
[White "Mierins Emils Janis (LAT)"]
[Black "Batashevs Arsens (LAT)"]
[Result "1/2-1/2"]
[WhiteElo "2028"]
[BlackElo "2167"]
[Annotator ""]
[Source ""]
[Remark ""]

1.e4 g6 2.d4 Bg7 3.Nc3 d6 4.g3 a6 5.a4 b6 6.Bg2 Bb7 7.Nge2 Nd7
8.O-O e6 9.Be3 Ne7 10.Qd2 h6 11.Rad1 Kf8 12.f4 c6 13.f5 exf5
14.exf5 Nxf5 15.Rxf5 gxf5 16.Rf1 d5 17.Qd3 Nf6 18.Qxf5 Qd7 19.Qf3
Re8 20.Bf4 Bc8 21.Be5 Ng4 22.Bh3 h5 23.Bxg4 hxg4 24.Bxg7+ Kxg7
25.Qf6+ Kg8 26.Qg5+ Kf8 27.Nf4 Rg8 28.Qh6+ Ke7 1/2-1/2

[Event "Ch Latvia"]
[Site "Riga (Latvia)"]
[Date "2021.09.22"]
[Round "6.9"]
[White "Dzjuba Vsevolod (LAT)"]
[Black "Strods Kristaps Reinis (LAT)"]
[Result "1/2-1/2"]
[WhiteElo "2085"]
[BlackElo "1646"]
[Annotator ""]
[Source ""]
[Remark ""]

1.e4 e5 2.Nf3 Nc6 3.Bb5 a6 4.Ba4 Nf6 5.O-O b5 6.Bb3 Bc5 7.c3
d6 8.a4 Rb8 9.d4 Bb6 10.a5 Ba7 11.h3 h6 12.Be3 Ra8 13.dxe5 Nxe5
14.Nxe5 dxe5 15.Qxd8+ Kxd8 16.Bxa7 Rxa7 17.Bxf7 Nxe4 18.Bg6 Nc5
19.Nd2 Ke7 20.f4 exf4 21.Rxf4 Rf8 22.Rxf8 Kxf8 23.Rf1+ Ke7 24.Rf7+
Ke6 25.b4 Na4 26.Nb3 Kd5 27.Rf3 Be6 28.Re3 Kd6 29.Nd4 Bd7 30.Rd3
Ke7 31.Nb3 Be6 32.Nc5 Nxc5 33.bxc5 Ra8 34.Be4 Rd8 35.Rxd8 Kxd8
36.Kf2 Kd7 37.Ke3 c6 38.Kd4 Kc7 39.Ke5 Bg8 40.g4 Bb3 41.h4 Ba2
42.Bf5 Bb3 43.Be6 Bc2 44.Kf4 Bg6 45.g5 hxg5+ 46.Kxg5 Be8 47.Kf5
Bh5 48.Kg5 Be8 49.Bf5 Kd8 50.Bg4 Kc7 51.Be6 Kd8 52.Kf5 Bh5 53.Bg8
Ke7 54.Bh7 Bf7 55.Ke5 g6 56.h5 gxh5 57.Bf5 Bc4 58.Bc8 b4 59.cxb4
Bf1 60.Kf4 Kf6 61.Bd7 Bb5 62.Bh3 Bc4 63.Bg2 Bb5 64.Bf3 h4 65.Bg2
Ke6 66.Ke4 Kf6 67.Kf4 Ke6 1/2-1/2

[Event "Ch Latvia"]
[Site "Riga (Latvia)"]
[Date "2021.09.22"]
[Round "6.10"]
[White "Boreisis Vitauts (LAT)"]
[Black "Gudovskis Konstantins (LAT)"]
[Result "0-1"]
[WhiteElo "1930"]
[BlackElo "2024"]
[Annotator ""]
[Source ""]
[Remark ""]

1.d4 e6 2.c4 b6 3.Nf3 Bb7 4.Nc3 Bb4 5.Bg5 Bxc3+ 6.bxc3 f6 7.Bh4
Ne7 8.e3 d6 9.Bd3 Nd7 10.Qc2 g6 11.e4 e5 12.Nd2 Nc6 13.Nb3 Qe7
14.a4 a5 15.f3 Qf7 16.Bf2 Ba6 17.Qe2 O-O 18.O-O Rfe8 19.Rab1
exd4 20.cxd4 Nb4 21.Nd2 c5 22.Rbc1 Rac8 23.d5 Re7 24.f4 Rf8 25.Qf3
Qe8 26.Bb1 Nb8 27.Qa3 Bc8 28.Bh4 Ref7 29.Rce1 Nd7 30.Bg3 Ba6
31.Qc3 Qb8 32.Nf3 Re7 33.Re3 Qe8 34.Rfe1 Ref7 35.e5 fxe5 36.fxe5
Nxe5 37.Bxe5 dxe5 38.Nxe5 Nxd5 39.Nxf7 Qxf7 40.Qc1 Qf2+ 0-1

[Event "Ch Latvia"]
[Site "Riga (Latvia)"]
[Date "2021.09.22"]
[Round "6.11"]
[White "Alainis Artis (LAT)"]
[Black "Petrovs Renars (LAT)"]
[Result "0-1"]
[WhiteElo "1841"]
[BlackElo "1187"]
[Annotator ""]
[Source ""]
[Remark ""]

1.e4 d5 2.exd5 Qxd5 3.Nc3 Qd6 4.d4 c6 5.g3 Nf6 6.Bg2 Bg4 7.Qd3
e6 8.Ne4 Nxe4 9.Bxe4 Nd7 10.c3 Qc7 11.Ne2 Nf6 12.Bg2 Bd6 13.Bg5
Bf5 14.Qc4 Nd5 15.Nc1 h6 16.Bd2 O-O 17.O-O Rfe8 18.a4 a5 19.Qe2
e5 20.Qf3 Bg6 21.c4 Nb4 22.c5 Be7 23.Bxb4 axb4 24.Qb3 exd4 25.Qxb4
Bf6 26.Ra3 Rad8 27.Rb3 Re7 28.Nd3 Ra8 29.Qc4 Qa5 30.Nf4 Bf5 31.Ra3
g5 32.Nd3 Bxd3 33.Rxd3 Qxa4 34.Qc1 Qb4 35.Rf3 Bg7 36.h4 gxh4
37.gxh4 Ra5 38.Rg3 Kh8 39.Qf4 Qxc5 40.Kh1 Qe5 41.Qg4 Ra8 42.Rg1
Rg8 43.f4 f5 44.Qh5 Qxf4 45.Bh3 Re4 46.R1g2 Re1+ 47.Kh2 Re3 48.Qf7
Rxg3 49.Rxg3 Qxh4 50.Qxf5 d3 51.Rxd3 Rf8 52.Qg6 Be5+ 53.Kh1 Rf1+
54.Kg2 Qf2# 0-1

[Event "Ch Latvia"]
[Site "Riga (Latvia)"]
[Date "2021.09.22"]
[Round "6.12"]
[White "Milovs Daniels (LAT)"]
[Black "Stinka Gustavs (LAT)"]
[Result "1-0"]
[WhiteElo "1814"]
[BlackElo "1024"]
[Annotator ""]
[Source ""]
[Remark ""]

1.e4 e5 2.Nf3 Nc6 3.Bc4 Bc5 4.c3 Nf6 5.d3 O-O 6.O-O h6 7.Re1
Re8 8.a4 a6 9.h3 Bf8 10.Bb3 d6 11.Nbd2 Ne7 12.Nf1 Ng6 13.Ng3
Nf4 14.d4 Ng6 15.Bc2 c6 16.b4 d5 17.exd5 Nxd5 18.Bb2 exd4 19.Qxd4
Be6 20.Rad1 Qf6 21.c4 Qxd4 22.Nxd4 Ndf4 23.Nxe6 Nxe6 24.Bc3 Ne7
25.Rd7 b5 26.Bb3 Ng6 27.Nf5 Ngf4 28.Kf1 Red8 29.Red1 Rxd7 30.Rxd7
Rd8 31.Rxd8 Nxd8 32.axb5 axb5 33.c5 g6 34.Nd6 Bg7 35.Bd2 Nd3
36.Ke2 Ne5 37.f4 Nd7 38.Kd3 Kf8 39.g4 Ne6 40.Be3 g5 41.Bxe6 fxe6
42.fxg5 hxg5 43.Bxg5 Ne5+ 44.Ke4 Nc4 45.Nxc4 bxc4 46.Bd2 Kf7
47.h4 Kg6 48.h5+ Kf7 49.g5 Bb2 50.g6+ Kg7 51.b5 c3 52.Bf4 cxb5
53.Be5+ Kh6 54.g7 b4 55.g8Q Kxh5 56.Bf4 Kh4 57.Qg5+ Kh3 58.Qg3# 1-0

[Event "Ch Latvia"]
[Site "Riga (Latvia)"]
[Date "2021.09.22"]
[Round "6.13"]
[White "Zajakins Artjoms (LAT)"]
[Black "Alipovs Anatolijs (LAT)"]
[Result "1-0"]
[WhiteElo "1477"]
[BlackElo "1796"]
[Annotator ""]
[Source ""]
[Remark ""]

1.d4 Nf6 2.c4 e6 3.Nf3 b6 4.a3 Bb7 5.Nc3 Be7 6.Qc2 d5 7.Bf4 c5
8.dxc5 bxc5 9.e3 O-O 10.Be2 Nc6 11.Rd1 d4 12.exd4 Nxd4 13.Nxd4
cxd4 14.O-O Qb6 15.Nb5 Rac8 16.Nxd4 Bc5 17.Nf3 a5 18.Bg3 Qc6
19.Ne1 Qb6 20.Bf3 Ba6 21.a4 Rfd8 22.Nd3 Bd4 23.b3 Bb7 24.Ne5
Bxe5 25.Bxb7 Qxb7 26.Bxe5 Nd7 27.Bc3 Ra8 28.Bd4 Rdb8 29.Rd3 e5
30.Be3 e4 31.Rd5 Nf6 32.Rb5 Qc7 33.Qc1 Re8 34.Bf4 Qc8 35.h3 Qe6
36.Qc3 Qa6 37.Bd2 Qc6 38.Rxa5 Rad8 39.Be3 Nd5 40.Qc1 Nxe3 41.Qxe3
Rd3 42.Qc5 Qxc5 43.Rxc5 Rxb3 44.Rd1 g6 45.Rc7 Ra8 46.Rdd7 Rxa4
47.Rxf7 Rxc4 48.Rg7+ Kf8 49.Rcf7+ Ke8 50.Rxh7 Rb1+ 51.Kh2 Rcc1
52.Ra7 Rh1+ 53.Kg3 Rb3+ 54.Kg4 1-0

[Event "Ch Latvia"]
[Site "Riga (Latvia)"]
[Date "2021.09.22"]
[Round "6.14"]
[White "Gobleja Karlis (LAT)"]
[Black "Adamovics Aleksejs (LAT)"]
[Result "1-0"]
[WhiteElo "1728"]
[BlackElo "1594"]
[Annotator ""]
[Source ""]
[Remark ""]

1.e4 c5 2.Nf3 Nc6 3.d4 cxd4 4.Nxd4 g6 5.c4 Bg7 6.Nc2 Nf6 7.Nc3
d6 8.Be2 Bd7 9.O-O O-O 10.Ne3 Rc8 11.Kh1 Ne8 12.f4 Nd4 13.Bd3
Nc7 14.Bd2 Na6 15.Be1 Nc5 16.Rc1 Nxd3 17.Qxd3 Ne6 18.b4 a6 19.Ned5
Bc6 20.Bh4 Re8 21.f5 Bxd5 22.exd5 Nf8 23.Ne4 Nd7 24.Qh3 Ne5 25.f6
Bf8 26.fxe7 Bxe7 27.Bxe7 1-0

[Event "Ch Latvia"]
[Site "Riga (Latvia)"]
[Date "2021.09.22"]
[Round "6.15"]
[White "Savicevs Arsenijs (LAT)"]
[Black "Sokolovskis Pavels (LAT)"]
[Result "0-1"]
[WhiteElo "1708"]
[BlackElo "1568"]
[Annotator ""]
[Source ""]
[Remark ""]

1.Nf3 d5 2.c4 d4 3.e3 c5 4.b4 dxe3 5.fxe3 Bg4 6.Bb2 Nc6 7.b5
Na5 8.Be2 e6 9.O-O Nf6 10.d4 b6 11.Nbd2 Bd6 12.e4 Bf4 13.d5 Nh5
14.g3 Be3+ 15.Kg2 O-O 16.h3 Bxf3+ 17.Nxf3 f5 18.Ne5 Nxg3 19.Kxg3
Qg5+ 20.Kf3 Bf4 21.Ng4 fxg4+ 22.hxg4 Be5+ 23.Kg2 Bxb2 24.Rb1
Bd4 25.Qc2 Rxf1 26.Rxf1 Rf8 27.Bf3 e5 28.Be2 Rxf1 0-1

[Event "Ch Latvia"]
[Site "Riga (Latvia)"]
[Date "2021.09.22"]
[Round "6.16"]
[White "Melderis Uldis (LAT)"]
[Black "Valdats Reinis (LAT)"]
[Result "1-0"]
[WhiteElo "1877"]
[BlackElo "1440"]
[Annotator ""]
[Source ""]
[Remark ""]

1.d4 Nf6 2.c4 e6 3.Qc2 c5 4.Nf3 Nc6 5.e3 Be7 6.a3 O-O 7.dxc5
Bxc5 8.b4 Bd6 9.Bb2 b6 10.Bd3 h6 11.O-O Ng4 12.Rd1 Bc7 13.Be4
Bb7 14.h3 Nf6 15.Bd3 Rc8 16.e4 b5 17.c5 a6 18.Nbd2 e5 19.Nf1
Qe7 20.Ne3 Rfd8 21.Nd5 Qe6 22.Rd2 d6 23.a4 dxc5 24.bxc5 Nxd5
25.exd5 Rxd5 26.Bf5 Rxd2 27.Nxd2 Qd5 28.Bxc8 Bxc8 29.axb5 axb5
30.Ra8 Ne7 31.Ra7 Bb7 32.f3 Ng6 33.Ne4 Nf4 34.Kh2 Bb8 35.Ra1
f5 36.Rd1 Qc6 37.Rd8+ Kh7 38.Rxb8 fxe4 39.Qxe4+ Qxe4 40.fxe4
Bxe4 41.Bxe5 Nd3 42.Bd4 h5 43.Re8 Bg6 44.Re7 b4 45.Rxg7+ Kh6
46.Rb7 Be4 47.Rb6+ Kg5 48.c6 Bf5 49.Rb5 Kf4 50.Rxf5+ Kxf5 51.c7 1-0

[Event "Ch Latvia"]
[Site "Riga (Latvia)"]
[Date "2021.09.23"]
[Round "7.1"]
[White "Berzinsh Roland (LAT)"]
[Black "Jankovskis Guntis (LAT)"]
[Result "1/2-1/2"]
[WhiteElo "2364"]
[BlackElo "2260"]
[Annotator ""]
[Source ""]
[Remark ""]

1.e4 c5 2.Nf3 e6 3.c4 Nc6 4.Nc3 e5 5.d3 d6 6.Be2 Be7 7.O-O f5
8.exf5 Bxf5 9.a3 Nf6 10.Nh4 Be6 11.f4 O-O 12.Nf3 Kh8 13.Kh1 Qd7
14.Rb1 exf4 15.Bxf4 d5 16.Ne5 Nxe5 17.Bxe5 dxc4 18.dxc4 Qxd1
19.Rbxd1 Ng4 20.Bf4 g5 21.Bg3 1/2-1/2

[Event "Ch Latvia"]
[Site "Riga (Latvia)"]
[Date "2021.09.23"]
[Round "7.2"]
[White "Ungurs Edgars (LAT)"]
[Black "Kretainis Kristaps (LAT)"]
[Result "0-1"]
[WhiteElo "2154"]
[BlackElo "2249"]
[Annotator ""]
[Source ""]
[Remark ""]

1.e4 e6 2.d4 d5 3.Nd2 dxe4 4.Nxe4 Bd7 5.Nf3 Bc6 6.Bd3 Nd7 7.c3
Ngf6 8.Ng3 Bd6 9.O-O O-O 10.Re1 b6 11.Ne5 Bb7 12.Bg5 Be7 13.Qe2
h6 14.Bd2 c5 15.Ng6 Re8 16.Nxe7+ Qxe7 17.dxc5 Nxc5 18.Bb5 Red8
19.Bc4 Bd5 20.Rad1 Bxc4 21.Qxc4 Nd3 22.Nf5 Qc5 23.Qxc5 bxc5 24.Ne7+
Kf8 25.Nc6 Nxe1 0-1

[Event "Ch Latvia"]
[Site "Riga (Latvia)"]
[Date "2021.09.23"]
[Round "7.3"]
[White "Springis Jevgenijs (LAT)"]
[Black "Starostits Ilmars (LAT)"]
[Result "0-1"]
[WhiteElo "1879"]
[BlackElo "2428"]
[Annotator ""]
[Source ""]
[Remark ""]

1.c4 e5 2.g3 Nc6 3.Bg2 Bc5 4.a3 a6 5.b4 Ba7 6.Bb2 d6 7.d3 f5
8.Nc3 Nf6 9.e3 O-O 10.Nge2 f4 11.gxf4 Ng4 12.Qd2 Qh4 13.Nd1 Bxe3
14.Bd5+ Kh8 15.Qxe3 Nxe3 16.Nxe3 Bg4 17.Nxg4 Qxg4 18.Rg1 Qh5
19.Kd2 Rae8 20.Rg5 Qh6 21.Rag1 Ne7 22.Be4 Ng8 23.Kd1 Nf6 24.Bxb7
Re7 25.fxe5 dxe5 26.Bxa6 Rd8 27.R1g3 Ne4 28.Bc1 Nxg3 29.Rxg3
Qxa6 30.Bg5 Ree8 0-1

[Event "Ch Latvia"]
[Site "Riga (Latvia)"]
[Date "2021.09.23"]
[Round "7.4"]
[White "Bekasovs Rihards (LAT)"]
[Black "Jazdanovs Aleksandrs (LAT)"]
[Result "1-0"]
[WhiteElo "2091"]
[BlackElo "2178"]
[Annotator ""]
[Source ""]
[Remark ""]

1.g3 e5 2.c4 Nf6 3.Bg2 c6 4.d4 e4 5.Nc3 d5 6.cxd5 cxd5 7.Bg5
Bb4 8.Qb3 Nc6 9.Bxf6 gxf6 10.e3 Qd6 11.Nge2 Na5 12.Qc2 Bd7 13.O-O
Rc8 14.a3 Bxc3 15.Nxc3 h5 16.h4 Ke7 17.Rfc1 a6 18.b3 Rc6 19.Qb2
Rb6 20.b4 Nc4 21.Qe2 Rc8 22.Qxh5 Be6 23.Qe2 a5 24.Na4 Rb5 25.Nc3
Rb6 26.bxa5 Nxa5 27.Nb5 Qd7 28.Rxc8 Qxc8 29.Qb2 Nc4 30.Qb4+ Nd6
31.a4 Qc4 32.Qa5 Ra6 33.Qe1 Nxb5 34.Bf1 Qc3 35.Bxb5 Qxe1+ 36.Rxe1
Ra8 37.Rc1 Kd6 38.Kf1 Rc8 39.Rxc8 Bxc8 40.Ke1 Ke6 41.Kd2 Kf5
42.Be2 1-0

[Event "Ch Latvia"]
[Site "Riga (Latvia)"]
[Date "2021.09.23"]
[Round "7.5"]
[White "Batashevs Arsens (LAT)"]
[Black "Stepins Edgars (LAT)"]
[Result "0-1"]
[WhiteElo "2167"]
[BlackElo "2263"]
[Annotator ""]
[Source ""]
[Remark ""]

1.Nf3 d5 2.b3 Nf6 3.Bb2 e6 4.e3 Be7 5.c4 c5 6.cxd5 exd5 7.Nc3
O-O 8.d4 Nc6 9.Bb5 Bg4 10.Bxc6 bxc6 11.dxc5 Bxc5 12.O-O Re8 13.Na4
Bd6 14.Rc1 Rc8 15.h3 Bh5 16.Qd3 Bxf3 17.gxf3 Be5 18.Bxe5 Rxe5
19.f4 Rh5 20.Kg2 Qd7 21.Rh1 Ne4 22.Nc5 Nxc5 23.Rxc5 Re8 24.Qc2
Re6 25.Kf1 Rg6 26.Ke2 h6 27.b4 a6 28.a4 Rh4 29.b5 axb5 30.axb5
cxb5 31.Ra1 f5 32.Ra8+ Kh7 33.Rf8 Rxf4 34.Rcc8 Re6 35.Kd1 Rfe4
36.f3 R4e5 37.Qg2 Re8 38.Qg3 Rxf8 39.Rxf8 Qe7 40.Rc8 Rxe3 41.Rc6
Rd3+ 42.Kc1 Qe3+ 0-1

[Event "Ch Latvia"]
[Site "Riga (Latvia)"]
[Date "2021.09.23"]
[Round "7.6"]
[White "Mierins Eriks (LAT)"]
[Black "Saveljevs Aleksandrs (LAT)"]
[Result "1/2-1/2"]
[WhiteElo "2191"]
[BlackElo "1976"]
[Annotator ""]
[Source ""]
[Remark ""]

1.e4 d6 2.d4 Nf6 3.Nc3 g6 4.f3 c6 5.Be3 b5 6.Qd2 Nbd7 7.d5 cxd5
8.Bxb5 dxe4 9.Bc6 Rb8 10.Bxa7 Rxb2 11.Na4 Rb7 12.Bxb7 Bxb7 13.Rb1
Qa8 14.Qe3 Bg7 15.Ne2 exf3 16.gxf3 Bxf3 17.Rf1 Bg2 18.Rg1 O-O
19.Nac3 Ne5 20.Kd1 Nfg4 21.Qb6 Bh6 22.Qc7 Rc8 23.Rb8 Rxb8 24.Qxb8+
Qxb8 25.Bxb8 Ne3+ 26.Kc1 Nf3 27.Rxg2 Nxg2+ 28.Kb2 Nxh2 29.a4
Be3 30.a5 Nf3 31.a6 Ne5 32.Nb5 Bb6 33.Nec3 Nc6 34.Bc7 Nb4 35.Bxb6
Nxa6 36.Nd5 e6 37.Nf6+ Kf8 38.Nxd6 Ke7 39.Nde4 h5 40.Bg1 h4 41.Bh2
Ne1 42.Bd6+ Kd8 43.Ng5 Kc8 44.Nxf7 Nf3 45.Ne4 Nc7 46.Ne5 Nd4
47.Nxg6 Nf5 48.Be5 Nd5 49.Ng5 Kd7 50.Nf3 Nde3 51.Kc3 h3 52.Ng5
Nxc2 53.Kxc2 Ne3+ 54.Kd3 Ng4 55.Nxh3 Nxe5+ 56.Nxe5+ Kd6 57.Kd4
Ke7 58.Nf2 Kf6 59.Ne4+ Kf5 60.Nd6+ Kf4 1/2-1/2

[Event "Ch Latvia"]
[Site "Riga (Latvia)"]
[Date "2021.09.23"]
[Round "7.7"]
[White "Gudovskis Konstantins (LAT)"]
[Black "Mierins Emils Janis (LAT)"]
[Result "1/2-1/2"]
[WhiteElo "2024"]
[BlackElo "2028"]
[Annotator ""]
[Source ""]
[Remark ""]

1.d4 Nf6 2.c4 c5 3.Nf3 g6 4.Nc3 Bg7 5.g3 O-O 6.Bg2 d6 7.O-O Nc6
8.d5 Na5 9.Nd2 b6 10.Qc2 a6 11.b3 b5 12.Bb2 Rb8 13.Rae1 Nd7 14.e4
Nb6 15.Nd1 Bxb2 16.Nxb2 e5 17.f4 f6 18.Qc3 b4 19.Qe3 Bd7 20.Nd3
Qe7 21.Rf2 Na8 22.Ref1 Nb7 23.Nf3 a5 24.h3 Nc7 25.Kh2 Kg7 26.Nd2
Rbe8 27.fxe5 fxe5 28.Bf3 Nd8 29.Qe2 Rf6 30.Bg4 Ref8 31.Rxf6 Rxf6
32.Rxf6 Kxf6 33.Bxd7 Qxd7 34.Qf2+ Kg7 35.Nf3 Nf7 36.Kg2 Qe7 37.Qe3
Ne8 38.Nf2 Nf6 39.Nh4 Nh5 40.Nf3 Nf6 41.Nd3 1/2-1/2

[Event "Ch Latvia"]
[Site "Riga (Latvia)"]
[Date "2021.09.23"]
[Round "7.8"]
[White "Strods Kristaps Reinis (LAT)"]
[Black "Levchenkov Vitaly (LAT)"]
[Result "1-0"]
[WhiteElo "1646"]
[BlackElo "2120"]
[Annotator ""]
[Source ""]
[Remark ""]

1.e4 c5 2.Nc3 Nc6 3.f4 d6 4.Nf3 g6 5.Bb5 Bd7 6.O-O Bg7 7.d3 a6
8.Bc4 b5 9.Bb3 e6 10.f5 Nd4 11.fxe6 fxe6 12.e5 d5 13.Nxd4 cxd4
14.Nxd5 exd5 15.Bxd5 Bf5 16.Bc6+ Kf8 17.Bxa8 Qxa8 18.g4 Ne7 19.Bg5
Bxe5 20.Qf3 Qxf3 21.Rxf3 Kf7 22.Bxe7 Kxe7 23.gxf5 g5 24.f6+ Kf7
25.Rf5 Bf4 26.a4 b4 27.Rc5 Kxf6 28.Kg2 Re8 29.Rf1 Re6 30.Rc4
Ke5 31.Re1+ Be3 32.c3 bxc3 33.bxc3 Kd5 34.cxd4 g4 35.a5 h5 36.h3
Re8 37.hxg4 hxg4 38.Rh1 Bxd4 39.Rh5+ Re5 40.Rxe5+ Bxe5 41.Rxg4
Bc7 42.Kf3 Bd8 43.Rg6 Kc5 44.Rxa6 Kb5 45.Ra8 Bxa5 46.Rxa5+ 1-0

[Event "Ch Latvia"]
[Site "Riga (Latvia)"]
[Date "2021.09.23"]
[Round "7.9"]
[White "Tolmacevs Artjoms (LAT)"]
[Black "Milovs Daniels (LAT)"]
[Result "1-0"]
[WhiteElo "2090"]
[BlackElo "1814"]
[Annotator ""]
[Source ""]
[Remark ""]

1.e4 e6 2.d4 d5 3.Nc3 Bb4 4.e5 c5 5.a3 Bxc3+ 6.bxc3 Ne7 7.a4
b6 8.Nf3 Ba6 9.Bxa6 Nxa6 10.Qd3 Nb8 11.Ba3 Qc7 12.O-O Nd7 13.c4
h6 14.cxd5 Nxd5 15.c4 Ne7 16.Rfe1 Nc6 17.d5 Nd8 18.Nd2 O-O 19.Bb2
Re8 20.f4 Nf8 21.Qg3 Kh8 22.Ne4 Nb7 23.f5 Qd7 24.Nf6 gxf6 25.exf6
Qxd5 26.Qg7# 1-0

[Event "Ch Latvia"]
[Site "Riga (Latvia)"]
[Date "2021.09.23"]
[Round "7.10"]
[White "Petrovs Renars (LAT)"]
[Black "Dzjuba Vsevolod (LAT)"]
[Result "0-1"]
[WhiteElo "1187"]
[BlackElo "2085"]
[Annotator ""]
[Source ""]
[Remark ""]

1.d4 Nf6 2.Bg5 Ne4 3.Be3 d5 4.c3 e6 5.Nd2 f5 6.g3 Bd6 7.f3 f4
8.Nxe4 dxe4 9.Bxf4 Bxf4 10.gxf4 Qh4+ 11.Kd2 Qxf4+ 12.e3 Qh6 13.f4
O-O 14.Bc4 c5 15.Ne2 Nc6 16.Qc2 cxd4 17.Nxd4 Na5 18.Be2 e5 19.fxe5
Bf5 20.Raf1 Bg6 21.e6 Rxf1 22.Rxf1 Qxh2 23.Rf4 Nc4+ 24.Kc1 Nxe3
25.Qb3 Qxf4 26.e7+ Bf7 0-1

[Event "Ch Latvia"]
[Site "Riga (Latvia)"]
[Date "2021.09.23"]
[Round "7.11"]
[White "Gobleja Karlis (LAT)"]
[Black "Zajakins Artjoms (LAT)"]
[Result "1-0"]
[WhiteElo "1728"]
[BlackElo "1477"]
[Annotator ""]
[Source ""]
[Remark ""]

1.e4 e6 2.c4 d5 3.cxd5 exd5 4.Qb3 dxe4 5.Bc4 Qe7 6.Nc3 Nf6 7.d3
exd3+ 8.Be3 d2+ 9.Kf1 Nc6 10.Nf3 Bd7 11.Qxb7 Rb8 12.Qxc7 Rxb2
13.Na4 Rc2 14.Nxd2 Qb4 15.Rb1 Qxa4 16.Rb8+ Nxb8 17.Qxb8+ Bc8
18.Qxc8+ Ke7 19.Bc5# 1-0

[Event "Ch Latvia"]
[Site "Riga (Latvia)"]
[Date "2021.09.23"]
[Round "7.12"]
[White "Sokolovskis Pavels (LAT)"]
[Black "Boreisis Vitauts (LAT)"]
[Result "1-0"]
[WhiteElo "1568"]
[BlackElo "1930"]
[Annotator ""]
[Source ""]
[Remark ""]

1.Nf3 d5 2.c4 e6 3.d4 Nf6 4.Bf4 Be7 5.e3 O-O 6.Nc3 Nbd7 7.Ne5
Ne4 8.Nxe4 dxe4 9.c5 Nxe5 10.Bxe5 b6 11.b4 f6 12.Bg3 Bb7 13.Bc4
Bd5 14.Bxd5 exd5 15.O-O Qd7 16.Qc2 c6 17.a4 Qb7 18.Rfb1 a6 19.Rb3
b5 20.axb5 Qxb5 21.Ra5 Qb7 22.h3 Bd8 23.Ra4 Qb5 24.Rba3 Rf7 25.Qd1
f5 26.Qf1 Qxf1+ 27.Kxf1 Rfa7 28.f3 Kf7 29.fxe4 fxe4 30.Be5 Ke6
31.g4 g6 32.Kg2 h5 33.Ra1 Bg5 34.gxh5 gxh5 35.R4a3 Rg8 36.Kh2
Rga8 37.Rg1 Bf6 38.Rg6 Rf7 39.Ra2 Ke7 40.Bxf6+ Rxf6 41.Rg7+ Rf7
42.Rxf7+ Kxf7 43.Kg3 Kg6 44.Kh4 Kh6 45.Rf2 Kg6 46.Rg2+ Kh6 47.Rg5
a5 48.bxa5 Rxa5 49.Rxh5+ Kg6 50.Rh8 Ra3 51.Rg8+ Kh7 52.Rg3 Ra2
53.Kg5 Rf2 54.Kg4 Kg6 55.h4 Kh6 56.h5 Rh2 57.Kf4 Kxh5 58.Ke5 1-0